000 00684nam a2200289Ia 4500
005 20260324134026.0
008 008 260324s9999 xx 000 0 eng d
020 _a9781315865034
037 _aEBOOK
040 _aCRL
040 _beng
040 _cCRL
041 _2eng
041 _aeng
084 _qCRL
100 _aAndrei Kuznetsov
_91195294
245 0 _aRussian Corporations
245 4 _bThe Strategies of Survival and Development
260 _bTaylor and Francis
260 _c2002
365 _a
365 _b160
856 _uhttp://www.taylorfrancis.com/books/9781315865034
942 _cEBOOK
999 _c1794927
_d1794927